Хліб (Запис № 442377)

МАРК-запис
000 -Лідер
fixed length control field 00808nam a22002177a 4500
003 - Ідентифікатор контрольного номера
control field UA-OsUOA
005 - Дата та час останнього входження (трансакції)
control field 20191002095759.0
008 - Елементи даних фіксованої довжини – загальна інформація
fixed length control field 191001b un ||||| |||| 00| 0 ukr d
040 ## - Джерело каталогізації
Агенція оригінальної каталогізації UA-OsUOA
Мова каталогізації ukr
Агенція, яка здійснювала перезапис UA-OsUOA
Агенція, яка здійснювала модифікацію UA-OsUOA
041 ## - Код мови
Код мови тексту/ звукової доріжки чи окремого заголовка (П) ukr
080 ## - Індекс Універсальної десяткової класифікації
Індекс Універсальної десяткової класифікації (УДК) (НП) 821.161.2
090 ## - Локальний шифр розміщення
Класифікаційний індекс УДК 821.161.2
Авторський знак (НП) М22
100 ## - Основне введення – ім’я особи
Ім’я особи (НП) Мамин-Сибіряк Д.Н.
245 ## - Відомості про назву
Назва (НП) Хліб
Решта назви (НП) роман
Дані про відповідальність (НП) Д. Н. Мамин-Сибіряк ; перекл. з рос.І. І. Волошина
260 ## - Публікація, розповсюдження і т.п. (Вихідні дані)
Місце публікації, розповсюдження і т.п. (П) Київ
Ім’я/ наймення видавництва, розповсюджувача і т.п. (П) Художня література
Дата публікації, розповсюдження і т.п. (П) 1956
300 ## - Фізичний опис
Обсяг 416 с.
856 40 - Електронне місцезнаходження та доступ
Текст для зв’язку Клацніть тут для перегляду онлайн
942 ## - Додаткові елементи входу (Коха)
Source of classification or shelving scheme Universal Decimal Classification
Тип елемента Koha Книги
955 ## - Код типу видання за змістом
Код типу видання за змістом (НП) Літературно-художні видання
Фонди
Стан вилучень Стан втрат Джерело класифікації або схеми стелажів Стан уражень Не для кредиту Постійне місце розташування Поточне розміщення Дата придбання Джерело придбання Інвентарний номер Усього замовленно Повний номер виклику Штрих-код Дата останнього перегляду Ціна ефективна від Тип елемента Koha
    Universal Decimal Classification     АБ - Абонемент НБ АБ - Абонемент НБ 01/10/2010 2010-10.01 47386   821.161.2 М22 47386 25/05/2022 01/10/2019 Книги